An introduction to Satyartha-Prakasa/ (Record no. 155088)

MARC details
000 -LEADER
fixed length control field 00512nam a22001817a 4500
003 - CONTROL NUMBER IDENTIFIER
control field dpl
005 - DATE AND TIME OF LATEST TRANSACTION
control field 20180729112106.0
008 - FIXED-LENGTH DATA ELEMENTS--GENERAL INFORMATION
fixed length control field 180729b xxu||||| |||| 00| 0 eng d
020 ## - INTERNATIONAL STANDARD BOOK NUMBER
International Standard Book Number 8171102514
Terms of availability 150.00
040 ## - CATALOGING SOURCE
Original cataloging agency DPL
Language of cataloging EN
Transcribing agency 0
082 ## - DEWEY DECIMAL CLASSIFICATION NUMBER
Classification number 238.2
100 ## - MAIN ENTRY--PERSONAL NAME
Personal name Sharma, S N
245 ## - TITLE STATEMENT
Title An introduction to Satyartha-Prakasa/
Statement of responsibility, etc by S N Sharma
260 ## - PUBLICATION, DISTRIBUTION, ETC. (IMPRINT)
Place of publication, distribution, etc Delhi
Name of publisher, distributor, etc Parimal Publications
Date of publication, distribution, etc 2004
300 ## - PHYSICAL DESCRIPTION
Extent 140p;
Dimensions 22cm.(hbk)
500 ## - GENERAL NOTE
General note includes appendix
942 ## - ADDED ENTRY ELEMENTS (KOHA)
Source of classification or shelving scheme Dewey Decimal Classification
Koha item type English Books
Classification part 238.2
Call number suffix SHA
Holdings
Withdrawn status Lost status Source of classification or shelving scheme Damaged status Not for loan Collection code Home library Current library Date acquired Source of acquisition Cost, normal purchase price Total Checkouts Full call number Barcode Date last seen Cost, replacement price Price effective from Koha item type
    Dewey Decimal Classification     Non-fiction Patel Nagar Patel Nagar 29/07/2018 BPPD/Pub 150.00   238.2 SHA B-129551 29/07/2018 150.00 29/07/2018 English Books

© Delhi Public Library
Hit Counter
free hit counter